Al rescate de la libertad: un campamento al ritmo del éxodo

Saved in:
Bibliografiske detaljer
Hovedforfatter: Heredero, Jorge F (Author)
Format: Bog
Sprog:spansk
Udgivet: Madrid CCS 1994
Serier:Colección Ocio y Tiempo Libre, 7
Fag:
Tags: Tilføj Tag
Ingen Tags, Vær først til at tagge denne postø!

MARC

LEADER 00000nam a2200000 a 4500
001 UCP4132
003 CL-VaPUC
008 990724e19940000SP |||||||||||||||||spa|d
082 0 4 |a 253.73  |b HER  |2 21 
100 0 |a Heredero, Jorge F  |e author  |9 431555 
245 1 0 |a Al rescate de la libertad: un campamento al ritmo del éxodo 
300 |a 166 p 
942 |c BK 
945 |d 19990724 00:00:00  |a rbrito 
260 |a Madrid  |b CCS  |c 1994 
650 0 |a Educación religiosa   |9 308312 
650 7 |a CAMPAMENTO  |2 CL-VaPUC  |9 331097 
650 0 |a Juegos infantiles  |9 307365 
650 0 |a Simbolismo  |9 267046 
650 0 |a Libertad  |9 255686 
583 |a last modification  |c 19990724 00:00:00  |k Rodrigo Vera 
490 0 |a Colección Ocio y Tiempo Libre, 7 
999 |c 282194  |d 282192 
952 |0 0  |1 0  |4 0  |6 253_730000000000000_HER_1994  |7 0  |8 A  |9 323708  |a BIBTEO  |b BIBTEO  |d 2019-11-20  |i 3526011  |o 253.73 HER 1994  |p 3526011  |r 2025-01-17  |w 2019-11-20  |y BK  |k ICR